00303 a2200133 4500000002500000100002000025110002000045245003000065250002000095260001400115264001400129942000700143999001900150 nam a22 7a 4500 aSingh, Savindra aSingh, Savindra aFundamentals of Hydrology aLatest edition  bPravalika bPravalika cBK c396829d396829